000 00473nam a2200217Ia 4500
005 20250425162709.0
008 250425s9999 xx 000 0 und d
020 _a9789251057353
041 _aeng
043 _ait
082 _a639.543
245 0 _aIMPROVING PENAEUS MONODON HATCHERY PRACTICES
250 _aS.E
260 _aItalia
_bFAO
_c2007
260 _aROMA
300 _a101
500 _aFAO
650 _aCAMARON
942 _c01
010 _a97372
999 _c234592
_d234592